Online
Catalog

Homenaje a Pedro Henríquez Ureña. (Record no. 13264)

MARC details
000 -CABECERA
campo de control de longitud fija 01955nam a2200373 a 4500
001 - NÚMERO DE CONTROL
campo de control 000013650
003 - IDENTIFICADOR DEL NÚMERO DE CONTROL
campo de control DO-SdBNP
005 - FECHA Y HORA DE LA ÚLTIMA TRANSACCIÓN
campo de control 20250711133406.0
007 - CAMPO FIJO DE DESCRIPCIÓN FÍSICA--INFORMACIÓN GENERAL
campo de control de longitud fija ta
008 - DATOS DE LONGITUD FIJA--INFORMACIÓN GENERAL
campo de control de longitud fija 091127s1947 dr c r 000 1 spa d
040 ## - FUENTE DE LA CATALOGACIÓN
Centro catalogador/agencia de origen DO-SdBNP
Lengua de catalogación spa
Centro/agencia transcriptor BNPHU
Normas de descripción rda
082 #4 - NÚMERO DE LA CLASIFICACIÓN DECIMAL DEWEY
Número de clasificación RD864.4209
Número de documento/Ítem H519zH
Número de edición 22
245 01 - MENCIÓN DE TÍTULO
Título Homenaje a Pedro Henríquez Ureña.
264 #1 - PRODUCCIÓN, PUBLICACIÓN, DISTRIBUCIÓN, FABRICACIÓN Y COPYRIGHT
Producción, publicación, distribución, fabricación y copyright Ciudad Trujillo, República Dominicana :
Nombre del de productor, editor, distribuidor, fabricante Universidad de Santo Domingo,
Fecha de producción, publicación, distribución, fabricación o copyright 1947.
300 ## - DESCRIPCIÓN FÍSICA
Extensión 135 páginas :
Otras características físicas retratos ;
Dimensiones 23 cm.
336 ## - TIPO DE CONTENIDO
Término de tipo de contenido texto
Código de tipo de contenido txt
Fuente rdacontent
337 ## - TIPO DE MEDIO
Nombre/término del tipo de medio sin mediación
Código del tipo de medio n
Fuente rdamedia
338 ## - TIPO DE SOPORTE
Nombre/término del tipo de soporte volumen
Código del tipo de soporte nc
Fuente rdacarrier
490 1# - MENCIÓN DE SERIE
Mención de serie Publicaciones de la Universidad de Santo Domingo
Designación de volumen o secuencia 1
500 ## - NOTA GENERAL
Nota general Discursos pronunciados en el acto académico celebrado en el Paraninfo de la Universidad de Santo Domingo el 29 de junio de 1946, para rendir homenaje póstumo al ilustre compatriota.
500 ## - NOTA GENERAL
Nota general Incluye bibliografía de Pedro Henríquez Ureña : páginas 51-86.
500 ## - NOTA GENERAL
Nota general Incluye referencias bibliográficas y notas al pie de las páginas
505 ## - NOTA DE CONTENIDO CON FORMATO
Nota de contenido con formato Pedro Henríquez Ureña (1884- 1946) /
Mención de responsabilidad Pedro Troncoso Sánchez --
Título Dominicanidad de Pedro Henríquez Ureña /
Mención de responsabilidad Emilio Rodríguez Demorizi --
Título Apuntes adicionales y Bibliografía de Pedro Henríquez Ureña /
Mención de responsabilidad Emilio Rodríguez Demorizi --
Título Pedro Henríquez Ureña, filósofo y humanista /
Mención de responsabilidad Andrés Avelino --
Título Pedro Henríquez Ureña, filólogo y folklorista /
Mención de responsabilidad Flérida de Nolasco.
600 10 - PUNTO DE ACCESO ADICIONAL DE MATERIA--NOMBRE DE PERSONA
Nombre de persona Henríquez Ureña, Pedro,
Fechas asociadas al nombre 1884-1946
Subdivisión general Crítica e interpretación
9 (RLIN) 1718
650 #4 - PUNTO DE ACCESO ADICIONAL DE MATERIA--TÉRMINO DE MATERIA
Término de materia o nombre geográfico como elemento de entrada Ensayos dominicanos
9 (RLIN) 65
650 #4 - PUNTO DE ACCESO ADICIONAL DE MATERIA--TÉRMINO DE MATERIA
Término de materia o nombre geográfico como elemento de entrada Autores en literatura
9 (RLIN) 22864
650 #4 - PUNTO DE ACCESO ADICIONAL DE MATERIA--TÉRMINO DE MATERIA
Término de materia o nombre geográfico como elemento de entrada Literatura dominicana.
9 (RLIN) 67
700 1# - PUNTO DE ACCESO ADICIONAL--NOMBRE DE PERSONA
Nombre de persona Troncoso Sánchez, Pedro,
Fechas asociadas al nombre 1904-1989
9 (RLIN) 23599
700 1# - PUNTO DE ACCESO ADICIONAL--NOMBRE DE PERSONA
Nombre de persona Rodríguez Demorizi, Emilio,
Fechas asociadas al nombre 1908-1986
9 (RLIN) 1039
700 1# - PUNTO DE ACCESO ADICIONAL--NOMBRE DE PERSONA
Nombre de persona Avelino, Andrés,
Fechas asociadas al nombre 1900-1974
9 (RLIN) 31875
700 1# - PUNTO DE ACCESO ADICIONAL--NOMBRE DE PERSONA
Nombre de persona Nolasco, Flérida de,
Fechas asociadas al nombre 1891-1976
9 (RLIN) 35151
910 ## - DATOS DE OPCIÓN DEL USUARIO (OCLC)
Datos de opción del usuario Validado. Control de calidad. EMS
942 ## - ELEMENTOS DE PUNTO DE ACCESO ADICIONAL (KOHA)
Fuente del sistema de clasificación o colocación Dewey Decimal Classification
Tipo de ítem Koha Libro
Holdings
Estado de retiro Estado de pérdida Fuente del sistema de clasificación o colocación Restricciones de uso No para préstamo Código de colección Localización permanente Ubicación/localización actual Ubicación en estantería Fecha de adquisición Fuente de adquisición Total de préstamos Signatura topográfica completa Código de barras Fecha visto por última vez Precio válido a partir de Tipo de ítem Koha Nota pública Número de copia
    Dewey Decimal Classification Excluido de préstamo   Patrimonio Dominicano Raros y Valiosos Biblioteca Nacional Pedro Henríquez Ureña Biblioteca Nacional Pedro Henríquez Ureña Depósito 27.11.2009 Donación   BNPHU RV-PD RD864.4209 H519zH 13650-10 25.06.2020 25.06.2020 Libro perteneció a la biblioteca personal de Enrique de Marchena.  
    Dewey Decimal Classification Excluido de préstamo   Patrimonio Dominicano Raros y Valiosos Biblioteca Nacional Pedro Henríquez Ureña Biblioteca Nacional Pedro Henríquez Ureña Depósito 27.11.2009 Donación   BNPHU RV-RV RD864.4209 H519zH 13650-20 25.06.2020 25.06.2020 Libro Perteneció a la biblioteca personal de Carlos Larrabazal Blanco. e. 2
    Dewey Decimal Classification Préstamo en sala   Dominicana Referencia Raros y Valiosos Biblioteca Nacional Pedro Henríquez Ureña Biblioteca Nacional Pedro Henríquez Ureña Depósito 27.11.2009 Donación   BNPHU RV-DS RD864.4209 H519zH 13650-30 25.06.2020 25.06.2020 Libro Perteneció a la biblioteca personal de Martínez Boog. e. 3
    Dewey Decimal Classification Préstamo en sala   Dominicana Referencia Raros y Valiosos Biblioteca Nacional Pedro Henríquez Ureña Biblioteca Nacional Pedro Henríquez Ureña Extraviado 27.11.2009     BNPHU RV-DS RD864.4209 H519zH 13650-40 25.06.2020 25.06.2020 Libro   e. 4
    Dewey Decimal Classification Préstamo en sala   Dominicana Referencia Raros y Valiosos Biblioteca Nacional Pedro Henríquez Ureña Patrimonio Dominicano Extraviado 08.08.2011     BNPHU RV-DS RD864.4209 H519zH 13650-50 25.06.2020 25.06.2020 Libro   e. 5

Powered by Koha